[Event "Women's Speed Chess Q3"]
[Site "chess.com INT"]
[Date "2021.05.30"]
[Round "4"]
[White "Chu, Ruotong"]
[Black "Buksa, Nataliya"]
[Result "0-1"]
[WhiteTitle "WIM"]
[BlackTitle "IM"]
[WhiteElo "2207"]
[BlackElo "2414"]
[WhiteFideId "8605653"]
[BlackFideId "14123622"]
[EventDate "2021.05.30"]

1. d4 d5 2. Nf3 e6 3. g3 Nf6 4. Bg2 Be7 5. O-O O-O 6. c4 dxc4 7. Ne5 c5 8. dxc5
Qc7 9. Nxc4 Rd8 10. Qc2 Nc6 11. Nc3 Nd4 12. Qb1 Qxc5 13. Ne3 Bd7 14. Bd2 Bc6 15.
Bxc6 Qxc6 16. b4 b5 17. Qb2 Ne4 18. Rfd1 Nxc3 19. Bxc3 Qxc3 0-1

[Event "Women's Speed Chess Q3"]
[Site "chess.com INT"]
[Date "2021.05.30"]
[Round "4"]
[White "Kiran, Manisha Mohanty"]
[Black "Doluhanova, Evgeniya"]
[Result "1-0"]
[WhiteTitle "WGM"]
[BlackTitle "WGM"]
[WhiteElo "2168"]
[BlackElo "2207"]
[WhiteFideId "5019575"]
[BlackFideId "14112035"]
[EventDate "2021.05.30"]

1. e4 e5 2. Nf3 Nc6 3. Bb5 Nf6 4. O-O Nxe4 5. d4 Nd6 6. Bxc6 dxc6 7. dxe5 Nf5 8.
Qxd8+ Kxd8 9. Nc3 Be7 10. h3 Nh4 11. Nxh4 Bxh4 12. b3 h5 13. Bb2 a5 14. Rad1+
Ke8 15. Ne4 Be7 16. f4 Bf5 17. Rde1 Rd8 18. c4 Bxe4 19. Rxe4 Bc5+ 20. Kh1 Ke7
21. f5 Rd2 22. Bc3 Rf2 23. Rxf2 Bxf2 24. f6+ Ke6 25. fxg7 Rg8 26. Rf4 Bh4 27.
Rxh4 1-0

[Event "Women's Speed Chess Q3"]
[Site "chess.com INT"]
[Date "2021.05.30"]
[Round "4"]
[White "Zakirova, Aisha"]
[Black "Farhat Willemstein, Stela Souza"]
[Result "1-0"]
[WhiteTitle "WCM"]
[BlackTitle "WFM"]
[WhiteElo "1585"]
[BlackElo "1758"]
[WhiteFideId "13719734"]
[BlackFideId "2109808"]
[EventDate "2021.05.30"]

1. d4 d5 2. c4 e6 3. Nf3 Nf6 4. Nc3 Be7 5. Bg5 O-O 6. Qc2 Nbd7 7. cxd5 Nxd5 8.
Bxe7 Qxe7 9. e4 Nb4 10. Qd2 Nf6 11. a3 Nc6 12. Be2 Bd7 13. O-O a6 14. e5 Nd5 15.
Bc4 1-0

[Event "Women's Speed Chess Q3"]
[Site "chess.com INT"]
[Date "2021.05.30"]
[Round "4"]
[White "Narva, Mai"]
[Black "Morris-Suzuki, Sophie"]
[Result "0-1"]
[WhiteTitle "WIM"]
[BlackTitle "WFM"]
[WhiteElo "2276"]
[BlackElo "2043"]
[WhiteFideId "4500512"]
[BlackFideId "30922615"]
[EventDate "2021.05.30"]

1. e4 c5 2. Nf3 e6 3. c3 d5 4. e5 Nc6 5. d4 Bd7 6. a3 Rc8 7. b4 cxd4 8. cxd4 Qb6
9. Be3 Nge7 10. Bd3 Nf5 11. O-O Be7 12. Nbd2 O-O 13. Nb3 Qd8 14. Kh1 b6 15. Rc1
a5 16. b5 Nb8 17. a4 Ba3 18. Rxc8 Qxc8 19. Bb1 Qc3 20. Bd2 Qc4 21. Qc2 Qxf1+ 22.
Ng1 Rc8 0-1

[Event "Women's Speed Chess Q3"]
[Site "chess.com INT"]
[Date "2021.05.30"]
[Round "4"]
[White "Nguyen, Hong Anh"]
[Black "Dwilewicz, Katarzyna"]
[Result "1-0"]
[WhiteTitle "WIM"]
[BlackTitle "WFM"]
[WhiteElo "1993"]
[BlackElo "2092"]
[WhiteFideId "12406732"]
[BlackFideId "1148486"]
[EventDate "2021.05.30"]

1. d4 Nf6 2. c4 e6 3. Nf3 d5 4. g3 dxc4 5. Bg2 c5 6. O-O Nc6 7. Qa4 Bd7 8. dxc5
Bxc5 9. Qxc4 Qe7 10. Nc3 O-O 11. Bg5 Bb6 12. Ne4 Rac8 13. Nxf6+ gxf6 14. Bh6 Ne5
15. Bxf8 Qxf8 16. Qf4 Nxf3+ 17. Bxf3 f5 18. Bxb7 Rc2 19. Bf3 Rxb2 20. Rfd1 Bb5
21. Qe5 Rc2 22. Qxb5 Qc5 23. Qxc5 Bxc5 24. Rac1 1-0

[Event "Women's Speed Chess Q3"]
[Site "chess.com INT"]
[Date "2021.05.30"]
[Round "4"]
[White "Varshini, V"]
[Black "Vine, Elzbieta"]
[Result "1-0"]
[WhiteTitle "WGM"]
[BlackTitle "WFM"]
[WhiteElo "2226"]
[BlackElo "2138"]
[WhiteFideId "5091241"]
[BlackFideId "1119320"]
[EventDate "2021.05.30"]

1. e4 c5 2. Nc3 Nc6 3. g3 d6 4. Bg2 Nf6 5. d3 Bg4 6. Nge2 Qd7 7. h3 Bh5 8. g4
Bg6 9. f4 h5 10. f5 hxg4 11. fxg6 gxh3 12. gxf7+ Kxf7 13. Bf3 Ne5 14. Ng3 g5 15.
Bxg5 h2 16. Bxf6 exf6 17. Qe2 Qh3 18. Nf5 1-0

[Event "Women's Speed Chess Q3"]
[Site "chess.com INT"]
[Date "2021.05.30"]
[Round "4"]
[White "Kiolbasa, Oliwia"]
[Black "Kulkarni, Bhakti"]
[Result "0-1"]
[WhiteTitle "WIM"]
[BlackTitle "IM"]
[WhiteElo "2255"]
[BlackElo "2391"]
[WhiteFideId "1154613"]
[BlackFideId "5019516"]
[EventDate "2021.05.30"]

1. e4 g6 2. d4 c6 3. Nc3 d5 4. e5 Bg7 5. f4 Nh6 6. Nf3 O-O 7. Be3 f6 8. Be2 Bg4
9. O-O fxe5 10. fxe5 Nf5 11. Bf2 e6 12. h3 Bxf3 13. Bxf3 c5 14. Ne2 cxd4 15.
Nxd4 Nxd4 16. Bxd4 Nc6 17. Bc5 Rf7 18. Bg4 Rxf1+ 19. Qxf1 Qd7 20. Rd1 Nxe5 21.
c4 Nxg4 22. hxg4 d4 23. Qf4 e5 24. Qe4 Rc8 25. Bxa7 Qa4 26. Bxd4 Qxd1+ 27. Kh2
Qxd4 0-1

[Event "Women's Speed Chess Q3"]
[Site "chess.com INT"]
[Date "2021.05.30"]
[Round "4"]
[White "Ramirez, Maria Eugenia"]
[Black "Cyfka, Karina"]
[Result "0-1"]
[WhiteTitle "WFM"]
[BlackTitle "IM"]
[WhiteElo "2057"]
[BlackElo "2415"]
[WhiteFideId "3301680"]
[BlackFideId "1122681"]
[EventDate "2021.05.30"]

1. e4 d6 2. d4 Nf6 3. Nc3 Nc6 4. Nf3 Bg4 5. Be2 e5 6. dxe5 dxe5 7. Qxd8+ Rxd8 8.
O-O Bxf3 9. Bxf3 Nd4 10. Bd1 Bc5 11. Be3 O-O 12. Bxd4 Bxd4 13. Re1 Bxc3 14. bxc3
Rd2 15. Rb1 b6 16. h3 Rfd8 17. Kf1 Kf8 18. g3 Ke7 19. a4 Nd7 20. Bf3 Nc5 21. Re2
Rd1+ 22. Rxd1 Rxd1+ 23. Kg2 Ra1 24. Rd2 Rxa4 25. Rd5 f6 26. g4 Nxe4 27. Bxe4
Rxe4 28. Kf3 Rc4 29. Rd3 e4+ 0-1

[Event "Women's Speed Chess Q3"]
[Site "chess.com INT"]
[Date "2021.05.30"]
[Round "4"]
[White "Petrova, Irina"]
[Black "Li, Xueyi"]
[Result "1-0"]
[WhiteTitle "WIM"]
[BlackTitle "WGM"]
[WhiteElo "2110"]
[BlackElo "2328"]
[WhiteFideId "14124122"]
[BlackFideId "8605912"]
[EventDate "2021.05.30"]

1. e4 c6 2. d4 d5 3. e5 Bf5 4. h4 h5 5. c3 e6 6. Bd3 Bxd3 7. Qxd3 c5 8. Nf3 Nc6
9. Bg5 Be7 10. Nbd2 Nh6 11. O-O Nf5 12. dxc5 Bxg5 13. hxg5 h4 14. Rfe1 h3 15. g4
Nh4 16. Nxh4 Rxh4 17. Qg3 Rh8 18. f4 Qa5 19. b4 Qc7 20. f5 O-O-O 21. b5 Na5 22.
c6 b6 23. Kh2 f6 24. gxf6 gxf6 25. exf6 Qxg3+ 26. Kxg3 exf5 27. g5 Rdg8 28. Nf3
Nc4 29. Kf4 h2 30. f7 Rg7 31. Re8+ 1-0

[Event "Women's Speed Chess Q3"]
[Site "chess.com INT"]
[Date "2021.05.30"]
[Round "4"]
[White "Narva, Regina"]
[Black "Froewis, Annika"]
[Result "1-0"]
[WhiteTitle "WFM"]
[BlackTitle "WFM"]
[WhiteElo "1901"]
[BlackElo "2143"]
[WhiteFideId "4500237"]
[BlackFideId "1621432"]
[EventDate "2021.05.30"]

1. e4 e5 2. Nc3 Nc6 3. f4 exf4 4. Nf3 Be7 5. Bc4 Bh4+ 6. Kf1 d6 7. d4 Bg4 8.
Bxf4 h6 9. Bb5 a6 10. Bxc6+ bxc6 11. Qd3 Qf6 12. Ne2 Ne7 13. g3 Bg5 14. Bxg5
hxg5 15. Ng1 Ng6 16. Kg2 Kd7 17. Rf1 Qe7 18. e5 Rab8 19. exd6 Qxd6 20. b3 Rbe8
21. c4 c5 22. h3 1-0

[Event "Women's Speed Chess Q3"]
[Site "chess.com INT"]
[Date "2021.05.30"]
[Round "4"]
[White "Atalik, Ekaterina"]
[Black "Daulyte-Cornette, Deimante"]
[Result "0-1"]
[WhiteTitle "IM"]
[BlackTitle "IM"]
[WhiteElo "2430"]
[BlackElo "2387"]
[WhiteFideId "4130189"]
[BlackFideId "12802859"]
[EventDate "2021.05.30"]

1. Nf3 Nf6 2. d4 d6 3. g3 g6 4. Bg2 Bg7 5. O-O O-O 6. b3 c5 7. Bb2 Nc6 8. c4
cxd4 9. Nxd4 Bd7 10. Nc3 Nxd4 11. Qxd4 Bc6 12. Bxc6 bxc6 13. Rad1 Nd7 14. Qd2
Nc5 15. e3 Ne6 16. Ne2 Ng5 17. Kg2 Qd7 18. f3 Qh3+ 19. Kg1 Qh5 20. Nf4 Nxf3+ 21.
Rxf3 Qxf3 22. Rf1 Qe4 23. Bxg7 Kxg7 24. Qc3+ e5 25. Ng2 f5 26. c5 d5 27. Nf4 d4
28. exd4 exd4 29. Qxd4+ Qxd4+ 0-1

[Event "Women's Speed Chess Q3"]
[Site "chess.com INT"]
[Date "2021.05.30"]
[Round "4"]
[White "Rakshitta, Ravi"]
[Black "Ziegenfuss, Antonia"]
[Result "0-1"]
[WhiteTitle "WIM"]
[BlackTitle "WFM"]
[WhiteElo "2190"]
[BlackElo "2157"]
[WhiteFideId "25073230"]
[BlackFideId "12962554"]
[EventDate "2021.05.30"]

1. e4 c5 2. Nf3 e6 3. d4 cxd4 4. Qxd4 Nc6 5. Qd1 Nf6 6. Nc3 Bb4 7. Bg5 Bxc3+ 8.
bxc3 Qa5 9. Bd2 Nxe4 10. Bd3 Nxd2 11. Qxd2 O-O 12. O-O Qh5 13. h3 d5 14. Be2 Qg6
15. Nd4 e5 16. Nb5 Bxh3 17. g3 Bxf1 18. Bxf1 Rad8 19. Bg2 d4 20. cxd4 Nxd4 21.
Nxd4 Rxd4 22. Qc3 Qd6 23. Bf1 Rd8 24. Re1 e4 25. Qb3 b6 26. Qe3 Qc5 27. Bg2 Rd1
28. Qxe4 Rxe1+ 29. Qxe1 Qxc2 30. Bf3 Qxa2 31. Qe7 Qd2 32. Kh2 Qxf2+ 33. Bg2 Qd2
34. Kh1 h6 35. Kh2 b5 36. Kh3 b4 37. Bf1 Qd6 38. Qe3 Qe6+ 39. Qxe6 fxe6 40. Bc4
Rb8 41. Bxe6+ Kf8 42. Kg4 b3 43. Kf5 b2 44. Ke5 b1=Q 45. Bf5 Rb5+ 0-1

[Event "Women's Speed Chess Q3"]
[Site "chess.com INT"]
[Date "2021.05.30"]
[Round "4"]
[White "Jakubowska, Anna"]
[Black "Berend, Elvira"]
[Result "1/2-1/2"]
[WhiteTitle "WIM"]
[BlackTitle "WGM"]
[WhiteElo "2073"]
[BlackElo "2326"]
[WhiteFideId "1121952"]
[BlackFideId "4000510"]
[EventDate "2021.05.30"]

1. e4 c5 2. Nc3 Nc6 3. g3 g6 4. Bg2 Bg7 5. d3 d6 6. Nh3 e6 7. O-O Nge7 8. f4 O-O
9. Be3 Nd4 10. Qd2 f5 11. Nd1 Rb8 12. c3 Ndc6 13. Ng5 b5 14. h3 a5 15. g4 b4 16.
gxf5 exf5 17. Kh1 h6 18. Nf3 bxc3 19. bxc3 Be6 20. d4 cxd4 21. cxd4 fxe4 22. Nh4
d5 23. f5 Bxf5 24. Bxh6 Qd6 25. Bf4 Qf6 26. Ne3 Qxh4 27. Bxb8 Rxb8 28. Kh2 Bxd4
29. Rac1 Be5+ 30. Kg1 Qg3 31. Nxd5 Qh2+ 32. Kf2 Qg3+ 33. Kg1 Qh2+ 34. Kf2 Qg3+
35. Kg1 1/2-1/2

[Event "Women's Speed Chess Q3"]
[Site "chess.com INT"]
[Date "2021.05.30"]
[Round "4"]
[White "Purtseladze, Maka"]
[Black "Nanditha, V"]
[Result "0-1"]
[WhiteTitle "IM"]
[BlackTitle "WCM"]
[WhiteElo "2274"]
[BlackElo "1666"]
[WhiteFideId "13602659"]
[BlackFideId "46626697"]
[EventDate "2021.05.30"]

1. b3 e5 2. Bb2 d6 3. e3 c5 4. d4 cxd4 5. exd4 Nc6 6. d5 Nce7 7. Bb5+ Bd7 8.
Bxd7+ Qxd7 9. c4 Nf6 10. Ne2 Ng6 11. O-O Be7 12. f4 exf4 13. Nxf4 O-O 14. Nc3
Ne5 15. Nb5 a6 16. Nd4 Rae8 17. a4 g5 18. Nh5 Ne4 19. Nf5 f6 20. Qe2 Nc5 21. b4
Nxa4 22. Bxe5 dxe5 23. Qe4 Bxb4 24. Rxa4 Bc5+ 25. Kh1 Qxa4 26. Nh6+ Kh8 27. Nxf6
Rxf6 28. Nf7+ Rxf7 0-1

[Event "Women's Speed Chess Q3"]
[Site "chess.com INT"]
[Date "2021.05.30"]
[Round "4"]
[White "Pham, Le Thao Nguyen"]
[Black "Sliwicka, Alicja"]
[Result "1-0"]
[WhiteTitle "IM"]
[BlackTitle "WIM"]
[WhiteElo "2369"]
[BlackElo "2346"]
[WhiteFideId "12401226"]
[BlackFideId "1150677"]
[EventDate "2021.05.30"]

1. d4 Nf6 2. Nf3 c5 3. c3 d5 4. Bf4 Nc6 5. e3 Qb6 6. Qb3 c4 7. Qc2 Bf5 8. Qc1
Nh5 9. Nbd2 Nxf4 10. exf4 e6 11. Be2 Bd6 12. g3 Bh3 13. Bf1 Bxf1 14. Kxf1 O-O
15. Kg2 f6 16. Re1 Rae8 17. Nf1 e5 18. Ne3 Qa5 19. b4 cxb3 20. axb3 Qb5 21. c4
dxc4 22. bxc4 Qb4 23. Rb1 Qa4 24. dxe5 fxe5 25. Rxb7 exf4 26. Nd5 Ne5 27. Qc3
Rf5 28. g4 Rf7 29. Rxf7 Nxf7 30. Ra1 1-0

[Event "Women's Speed Chess Q3"]
[Site "chess.com INT"]
[Date "2021.05.30"]
[Round "4"]
[White "Voit, Daria"]
[Black "Franco Valencia, Angela"]
[Result "1-0"]
[WhiteTitle "WGM"]
[BlackTitle "WIM"]
[WhiteElo "2360"]
[BlackElo "2089"]
[WhiteFideId "4182146"]
[BlackFideId "4403070"]
[EventDate "2021.05.30"]

1. Nf3 Nf6 2. c4 c5 3. g3 e6 4. Bg2 Nc6 5. O-O d5 6. cxd5 exd5 7. d4 Bg4 8. Ne5
Bf5 9. Nxc6 bxc6 10. Nc3 Be7 11. dxc5 Bxc5 12. Na4 Bd6 13. Be3 O-O 14. Rc1 Qd7
15. Bc5 Rfe8 16. e3 Be4 17. Bxd6 Bxg2 18. Kxg2 Qxd6 19. Qc2 Rac8 20. Nc5 Ne4 21.
Nxe4 Rxe4 22. Rfd1 Qe7 23. Rxd5 h6 24. Rc5 Re6 25. Qa4 Qd7 26. Rd1 Qb7 27. b3
Qb6 28. Qc4 Rce8 29. Rd7 g6 30. h4 h5 31. Rg5 Kg7 32. Qc3+ Kg8 33. Qc4 Qb5 34.
Rxb5 cxb5 35. Qxb5 a6 36. Qc4 Kg7 37. Qc7 Rf6 38. Rd6 Rxd6 39. Qxd6 Re6 40. Qd7
Kf6 41. f4 a5 42. Kf3 a4 43. bxa4 Ra6 44. e4 1-0

[Event "Women's Speed Chess Q3"]
[Site "chess.com INT"]
[Date "2021.05.30"]
[Round "4"]
[White "Marjanovic, Annamaria"]
[Black "Szente Varga, Fruzsina"]
[Result "1-0"]
[WhiteTitle "WGM"]
[BlackTitle "WFM"]
[WhiteElo "2338"]
[BlackElo "2100"]
[WhiteFideId "750930"]
[BlackFideId "712264"]
[EventDate "2021.05.30"]

1. c4 Nf6 2. g3 g6 3. Bg2 Bg7 4. Nf3 c6 5. O-O d5 6. d3 O-O 7. cxd5 cxd5 8. Nc3
Nc6 9. Bd2 d4 10. Ne4 Nxe4 11. dxe4 e5 12. Ne1 Be6 13. Nd3 Rc8 14. f4 Bc4 15. f5
Bxd3 16. exd3 Qd6 17. Qf3 f6 18. fxg6 hxg6 19. Qg4 Kf7 20. Rac1 Ne7 21. a3 Qb6
22. Bb4 Rxc1 23. Rxc1 Re8 24. Bh3 Nc6 25. Qd7+ Ne7 26. Rc7 Bf8 27. Bd6 Qb3 28.
Rxb7 Qd1+ 29. Bf1 Qf3 30. Qh3 Qe3+ 31. Kh1 Qf3+ 32. Qg2 Qe3 33. Rxa7 f5 34. exf5
gxf5 35. Qd5+ Kf6 36. Bxe7+ Bxe7 37. Ra6+ Kg5 38. Re6 Qf2 39. h4+ Kh5 40. Qg2
Qe3 41. Be2+ 1-0

[Event "Women's Speed Chess Q3"]
[Site "chess.com INT"]
[Date "2021.05.30"]
[Round "4"]
[White "Sikorova, Olga"]
[Black "Shuvalova, Polina"]
[Result "0-1"]
[WhiteTitle "WGM"]
[BlackTitle "IM"]
[WhiteElo "2215"]
[BlackElo "2484"]
[WhiteFideId "307033"]
[BlackFideId "24171760"]
[EventDate "2021.05.30"]

1. c4 e6 2. g3 d5 3. Bg2 Nf6 4. Nf3 Be7 5. b3 O-O 6. Bb2 a5 7. Nc3 c6 8. e3 Nbd7
9. O-O b6 10. d3 Ba6 11. Qe2 b5 12. a4 bxc4 13. bxc4 dxc4 14. dxc4 Rb8 15. Nd4
Ne5 16. Nxc6 Nxc6 17. Bxc6 Bxc4 18. Qxc4 Rxb2 19. Bb5 Qb8 20. Ne4 Rb4 21. Nxf6+
Bxf6 22. Qd3 Bxa1 23. Rxa1 Rd8 24. Qc2 g6 25. Rc1 Qd6 26. Qc7 Rb1 27. Kg2 Qd5+
28. Kh3 Qf5+ 29. Kg2 Qd5+ 30. Kh3 Rxc1 31. Qxc1 h5 32. Qc3 Qf3 33. Bc6 Qxf2 34.
Qxa5 Qf1+ 35. Bg2 Qd3 36. Qb5 Qxe3 37. a5 Rd2 0-1

[Event "Women's Speed Chess Q3"]
[Site "chess.com INT"]
[Date "2021.05.30"]
[Round "4"]
[White "Soumya, Swaminathan"]
[Black "Perez Rodriguez, Jennifer"]
[Result "0-1"]
[WhiteTitle "IM"]
[BlackTitle "WIM"]
[WhiteElo "2351"]
[BlackElo "2251"]
[WhiteFideId "5016193"]
[BlackFideId "3507831"]
[EventDate "2021.05.30"]

1. d4 Nf6 2. c4 e6 3. Nf3 d5 4. g3 Be7 5. Bg2 O-O 6. O-O dxc4 7. Qc2 a6 8. a4
Bd7 9. Bg5 Bc6 10. Rd1 a5 11. Nbd2 Na6 12. Nxc4 Nb4 13. Qc1 h6 14. Bxf6 Bxf6 15.
Nce5 Be4 16. Ra3 c6 17. Re3 Bxf3 18. Bxf3 Nd5 19. Rb3 Bxe5 20. dxe5 Qc7 21. Bxd5
exd5 22. Rxd5 Rfd8 23. Rxd8+ Rxd8 24. Re3 Rd4 25. b3 Qd7 26. Qc3 Qd5 27. f3 h5
28. Rd3 c5 29. Rxd4 cxd4 30. Qc8+ Kh7 31. Qf5+ g6 32. Qf6 d3 33. exd3 Qc5+ 34.
Kg2 Qc2+ 35. Kh3 Qxb3 36. d4 Kg8 37. Qd8+ Kg7 38. Qf6+ Kg8 39. Kh4 Qd5 40. Kg5
Qxd4 0-1

[Event "Women's Speed Chess Q3"]
[Site "chess.com INT"]
[Date "2021.05.30"]
[Round "4"]
[White "Grigoryan, Meri"]
[Black "Tarasova, Viktoriya"]
[Result "1-0"]
[WhiteTitle "WFM"]
[BlackTitle "WIM"]
[WhiteElo "2044"]
[BlackElo "2226"]
[WhiteFideId "13300571"]
[BlackFideId "4175840"]
[EventDate "2021.05.30"]

1. d4 Nf6 2. c4 e6 3. Nc3 Bb4 4. Qc2 d5 5. e3 c5 6. cxd5 exd5 7. dxc5 O-O 8. Nf3
Nc6 9. Bd3 d4 10. exd4 Bg4 11. Be3 Bxf3 12. gxf3 Nd5 13. O-O-O Nxc3 14. bxc3
Ba3+ 15. Kb1 b6 16. cxb6 Rb8 17. d5 Ne5 18. Bxh7+ Kh8 19. Be4 Nc4 20. Bd4 Rxb6+
21. Bxb6 Qxb6+ 22. Qb3 Qxf2 23. Rhf1 Nd2+ 24. Rxd2 Qxf1+ 25. Kc2 Qf2 26. Rxf2
Bd6 27. Qc4 Kg8 28. Qd3 g6 29. Rg2 Kg7 30. Bxg6 Kf6 31. Qf5+ Ke7 32. Re2+ Kd8
33. Qf6+ Kc7 34. Re7+ Bxe7 35. Qxe7+ Kb6 36. Qxf8 Kb5 37. d6 Kc6 38. d7 Kxd7 39.
Qxf7+ Kc6 40. Qxa7 Kb5 41. Qd4 Kc6 42. c4 Kc7 43. c5 Kc6 44. Qd6+ Kb7 45. Be4+
Kc8 46. Qf8+ Kc7 47. Qf7+ Kc8 48. h4 Kb8 49. h5 Kc8 50. h6 Kb8 51. h7 Kc8 52.
h8=Q# 1-0

[Event "Women's Speed Chess Q3"]
[Site "chess.com INT"]
[Date "2021.05.30"]
[Round "4"]
[White "Pourkashiyan, Atousa"]
[Black "Makhija, Aashna"]
[Result "1-0"]
[WhiteTitle "WGM"]
[BlackTitle "WIM"]
[WhiteElo "2322"]
[BlackElo "1969"]
[WhiteFideId "12502014"]
[BlackFideId "25011944"]
[EventDate "2021.05.30"]

1. e4 e6 2. d4 d5 3. Nd2 Be7 4. Bd3 c5 5. dxc5 Nf6 6. Qe2 O-O 7. Ngf3 a5 8. e5
Nfd7 9. c3 Na6 10. h4 h6 11. Nf1 Naxc5 12. Bc2 b5 13. Ng3 b4 14. h5 Ba6 15. Qe3
bxc3 16. bxc3 Qb6 17. Rb1 Qc7 18. Nd4 Qxe5 19. Nc6 Qxe3+ 20. Bxe3 Bd6 21. Ne2
Rac8 22. Nxa5 Ne5 23. Nb3 Ncd3+ 24. Kd2 Nc5 25. Nxc5 Bxc5 26. Bxc5 Rxc5 27. Rb3
Rfc8 28. Rhb1 Nc4+ 29. Ke1 Ne5 30. f3 Nd3+ 31. Bxd3 Bxd3 32. R1b2 Kf8 33. Nc1
Rxc3 34. Nxd3 Rxb3 35. Rxb3 f6 36. Rb2 e5 37. Kd2 Ke7 38. Rc2 Kd6 39. Rxc8 1-0

[Event "Women's Speed Chess Q3"]
[Site "chess.com INT"]
[Date "2021.05.30"]
[Round "4"]
[White "Mkrtchian, Lilit"]
[Black "Golubenko, Valentina"]
[Result "1-0"]
[WhiteTitle "IM"]
[BlackTitle "WGM"]
[WhiteElo "2388"]
[BlackElo "2209"]
[WhiteFideId "13300601"]
[BlackFideId "4501993"]
[EventDate "2021.05.30"]

1. e4 e6 2. d4 d5 3. Nc3 dxe4 4. Nxe4 Nf6 5. Bg5 Be7 6. Bxf6 gxf6 7. Nf3 f5 8.
Nc3 Bf6 9. Qd2 Nc6 10. O-O-O a6 11. g3 Bd7 12. Bg2 Qe7 13. Rhe1 Nb4 14. a3 Nc6
15. d5 Na7 16. dxe6 fxe6 17. Nd5 exd5 18. Rxe7+ Bxe7 19. Qxd5 O-O-O 20. Ne5 Bc6
21. Qe6+ Kb8 22. Bxc6 Nxc6 23. Nxc6+ bxc6 24. Qxe7 Rde8 25. Qb4+ Ka7 26. Qc5+
Kb7 27. Rd4 Re1+ 28. Kd2 Rhe8 29. Rb4+ Kc8 30. Qxf5+ R8e6 31. Rd4 Re2+ 32. Kd3
Kb7 33. Rb4+ Kc8 34. Rh4 Kb7 35. Rxh7 R2e5 36. Qf4 Rd6+ 37. Kc3 Rc5+ 38. Kb3
Rdd5 39. Ka2 Kb6 40. Qxc7+ Kb5 41. Rh4 Rxc2 42. Qb7+ Kc5 43. Qb4# 1-0

[Event "Women's Speed Chess Q3"]
[Site "chess.com INT"]
[Date "2021.05.30"]
[Round "4"]
[White "Arpita, Mukherjee"]
[Black "Gaponenko, Inna"]
[Result "1-0"]
[WhiteTitle "WIM"]
[BlackTitle "IM"]
[WhiteElo "2206"]
[BlackElo "2357"]
[WhiteFideId "5056403"]
[BlackFideId "14101181"]
[EventDate "2021.05.30"]

1. e4 g6 2. d4 Bg7 3. Nc3 d6 4. Be3 a6 5. Nf3 b5 6. Bd3 Bb7 7. Qd2 Nd7 8. h4
Ngf6 9. Bh6 Bxh6 10. Qxh6 c5 11. d5 c4 12. Be2 b4 13. Nd1 Nxe4 14. Qg7 Rf8 15.
Ng5 Nxg5 16. hxg5 Bxd5 17. Ne3 Be6 18. Rxh7 Qc7 19. Qd4 Ne5 20. f4 Nc6 21. Qe4
Rc8 22. O-O-O Na5 23. Bg4 Bxg4 24. Nxg4 b3 25. axb3 cxb3 26. c3 Nc4 27. Nf6+ Kd8
28. Nd5 Qd7 29. Rdh1 e6 30. Rh8 exd5 31. Rxf8+ Kc7 32. Rxc8+ Qxc8 33. Qxd5 Kb8
34. Qd4 Qc6 35. Rh8+ Kb7 36. Rf8 Qxg2 37. Rxf7+ Kc6 38. Qxc4+ Kb6 39. Qc7+ Kb5
40. Qb7+ Kc4 41. Qxg2 1-0

[Event "Women's Speed Chess Q3"]
[Site "chess.com INT"]
[Date "2021.05.30"]
[Round "4"]
[White "Dordzhieva, Dinara"]
[Black "Putri, Regita Desyari"]
[Result "0-1"]
[WhiteTitle "WGM"]
[BlackTitle "WFM"]
[WhiteElo "2334"]
[BlackElo "1897"]
[WhiteFideId "24157570"]
[BlackFideId "7109083"]
[EventDate "2021.05.30"]

1. Nf3 Nf6 2. g3 e6 3. Bg2 d5 4. c4 Be7 5. O-O O-O 6. d4 b6 7. cxd5 exd5 8. Nc3
Bb7 9. Bg5 Nbd7 10. Ne5 Ne4 11. Nxe4 dxe4 12. Bxe7 Qxe7 13. Nc4 Rad8 14. e3 c5
15. Qe2 cxd4 16. exd4 Ba6 17. b3 Nf6 18. Rad1 Rfe8 19. Rfe1 Qb4 20. g4 Rc8 21.
g5 Nd5 22. Rc1 Nc3 23. Qd2 Bxc4 24. bxc4 Rxc4 25. d5 Rd8 26. Qf4 g6 27. Bf1 Nxd5
28. Qe5 Rxc1 29. Rxc1 Qd6 30. Qxe4 Nf4 31. Re1 Ne6 32. h4 Qf4 33. Qg2 Rd4 34. h5
Qxg5 35. hxg6 hxg6 36. Rc1 Qxc1 0-1

[Event "Women's Speed Chess Q3"]
[Site "chess.com INT"]
[Date "2021.05.30"]
[Round "4"]
[White "Golubeva, Oksana"]
[Black "Osmak, Iulija"]
[Result "1-0"]
[WhiteTitle "WFM"]
[BlackTitle "IM"]
[WhiteElo "2179"]
[BlackElo "2425"]
[WhiteFideId "4170164"]
[BlackFideId "14101602"]
[EventDate "2021.05.30"]

1. Nf3 d5 2. e3 c5 3. c4 e6 4. d4 cxd4 5. exd4 Nf6 6. Nc3 Nc6 7. Be3 Be7 8. Qc2
O-O 9. Rd1 Bd7 10. cxd5 Nb4 11. Qb1 Nbxd5 12. Bd3 Bc6 13. Ne5 Nxe3 14. fxe3 Bxg2
15. Rg1 Bh3 16. Rg3 Bf5 17. Bxf5 exf5 18. Qxf5 Kh8 19. Qg5 Ne8 20. Qh5 Bh4 21.
Nxf7+ Rxf7 22. Qxf7 Bxg3+ 23. hxg3 Nf6 24. Ke2 Qd6 25. Rg1 Rf8 26. Qc4 b6 27.
Qd3 h6 28. a3 Qe6 29. Qg6 Re8 30. Qd3 Qg4+ 31. Kd2 Qf3 32. Ne2 Ng4 33. Rf1 Qxf1
34. Qg6 Nf6 35. Nf4 Qf2+ 36. Kc3 Qe1+ 37. Kc2 Qxe3 38. Qf7 Qe4+ 39. Kb3 Qe7 40.
Ng6+ Kh7 41. Nxe7 Rd8 42. Qg6+ Kh8 43. Nf5 Rd5 44. Qxg7# 1-0

[Event "Women's Speed Chess Q3"]
[Site "chess.com INT"]
[Date "2021.05.30"]
[Round "4"]
[White "Starosta, Martyna"]
[Black "Komiagina, Maria"]
[Result "1-0"]
[WhiteTitle "WCM"]
[BlackTitle "WIM"]
[WhiteElo "1910"]
[BlackElo "2241"]
[WhiteFideId "21818754"]
[BlackFideId "4153987"]
[EventDate "2021.05.30"]

1. e4 g6 2. Nf3 Bg7 3. d4 d6 4. Nc3 a6 5. Be3 b5 6. a3 Bb7 7. Qd2 Nd7 8. O-O-O
h6 9. h4 Ngf6 10. Bd3 Rc8 11. e5 Ng4 12. e6 Nf8 13. exf7+ Kxf7 14. d5 c6 15. Bd4
cxd5 16. Bxg7 Kxg7 17. Nd4 e5 18. Nb3 Nf6 19. g4 e4 20. g5 hxg5 21. hxg5 Nh5 22.
Be2 Ne6 23. Bxh5 gxh5 24. Nxd5 Qd7 25. Nf6 Qc6 26. Nxh5+ Kg6 27. Ng3 d5 28. Kb1
Ba8 29. Rxh8 Rxh8 30. Nd4 Qd7 31. Nxe6 Qxe6 32. Qd4 Rf8 33. Rh1 Kxg5 34. Qg7+
Kf4 35. Qxf8+ Ke5 36. Qg7+ Kf4 37. Rh4+ Kf3 38. Qf8+ Kg2 39. Qxa8 Qf6 40. Qh8
Qf3 41. Rh2+ Kg1 42. Rh1+ 1-0